Sevilla almohade y últimos años de su vida musulmana
Guardado en:
| Autor principal: | |
|---|---|
| Formato: | Libro |
| Lenguaje: | español |
| Publicado: |
Madrid, España
Instituo de Estudios Africanos
1951
|
| Materias: | |
| Etiquetas: |
Agregar Etiqueta
Sin Etiquetas, Sea el primero en etiquetar este registro!
|
MARC
| LEADER | 00000nam a2200000 a 4500 | ||
|---|---|---|---|
| 001 | UCO1302 | ||
| 003 | CL-VaPUC | ||
| 005 | 20230817103818.0 | ||
| 008 | 000512e19510000SP |||||||||||||||||spa|d | ||
| 999 | |c 287930 |d 287928 | ||
| 040 | |c Pontificia Universidad Católica de Valparaíso | ||
| 082 | 0 | 4 | |a 946.86 CAG 1951 |2 21 |
| 100 | 0 | |a Cagigas, Isidro de las |e author |9 443298 | |
| 245 | 1 | 0 | |a Sevilla almohade y últimos años de su vida musulmana |
| 260 | |a Madrid, España |b Instituo de Estudios Africanos |c 1951 | ||
| 300 | |a 42 páginas | ||
| 583 | |a last modification |c 20160817 01:01:36 |k Rodrigo Vera | ||
| 600 | 0 | 7 | |a FERNANDO III |2 CL-VaPUC |9 442479 |z ESPAÑA |
| 650 | 7 | |a HISTORIA DE ESPAÑA |2 CL-VaPUC |9 442498 |y SIGLO 13 | |
| 650 | 7 | |a HISTORIA DE SEVILLA |2 CL-VaPUC |9 443299 |z ESPAÑA | |
| 650 | 0 | |a Musulmanes |z ESPAÑA |9 332296 | |
| 650 | 0 | |a Almohades |z ESPAÑA |9 442653 | |
| 651 | 7 | |a SEVILLA |2 CL-VaPUC |9 354372 |z ESPAÑA | |
| 852 | |a BIBCUR | ||
| 942 | |c BK |2 ddc | ||
| 945 | |d 20000512 00:00:00 |a rherrera | ||
| 952 | |0 0 |1 0 |2 ddc |4 0 |6 946_860000000000000_CAG_1951 |7 0 |8 A |9 335025 |a BIBHIS |b BIBHIS |d 2019-11-20 |i 1269143 |o 946.86 CAG 1951 |p 1269143 |r 2025-01-20 |t 1 |w 2019-11-20 |y BK |k HIS | ||